Statistics for Countries That Are The Biggest Source Of Refugees

Click here to take the quiz!

General Stats

  • This quiz has been taken 76 times
  • The average score is 17 of 25

Answer Stats

TotalCountry% Correct
1,1 milSudan
98%
7,2 milSyria
94%
737,560Iraq
91%
5,6 milUkraine
91%
5,7 milAfghanistan
89%
2,1 milSouth Sudan
85%
5,9 milVenezuela
85%
141,330Iran
82%
123,450China
79%
1,3 milMyanmar
79%
902,500Russia
79%
400,300Nigeria
76%
856,790Somalia
76%
940,850DR Congo
74%
225,780Pakistan
73%
351,850Ethiopia
71%
212,980Mali
67%
560,220Eritrea
56%
496,150Central African Republic
55%
437,750Haiti
45%
138,250Cameroon
42%
158,590Colombia
41%
248,230Rwanda
41%
318,920Burundi
33%
595,600Kosovo
9%

Score Distribution

Percentile by Number Answered

Percent of People with Each Score

Your Score History

You have not taken this quiz